000 00465nam a2200145Ia 4500
008 220326s9999||||xx |||||||||||||| ||und||
020 _a979-96118-0-8
084 _a10102 CHO Gov Bo.1
100 _aIskadir Chottob
245 0 _aDari Sentralisasi Ke Otonomi, DKI Jakarta Implementasi No.34 Th.1999
260 _aJakarta
_bDPRD DKI Jakarta
_c2000
300 _axxxvi + 344 halaman
650 _aGovernment (Pemerintahan)
_eG-O-V
_ySentralisasi, Otonomi
942 _cBK
999 _c12656
_d12656